000 00522nam a2200193Ia 4500
005 20250508163401.0
008 008 250505s9999 xx 000 0 eng d
037 _aTextual
040 _aFEDL
_beng
_cFEDL
041 _aeng
_2eng
084 _a370.95487, DEV
_qFEDL
100 _aGowda A C Deve
_9763112
245 0 _aHand book of administration of education in Mysore
260 _c1973
300 _a102p.
650 _aEducation
942 _cTEXL
_h370.95487, DEV
999 _c1382721
_d1382721